Fribourg - Choix Multiples - Statistiques

Statistiques générales
  • Ce quiz a été pris 79 fois
  • Le résultat moyen est 7 sur 10
Statistiques - réponses
Question Réponse % Correct
Quel saint du christianisme est fêté en grandes pompes chaque année à Fribourg ? Saint Nicolas
86%
Quelle rivière "clivante" arrose la ville ? Sarine
86%
Laquelle de ces oeuvres représente une création typique de Jean Tinguely, artiste né à Fribourg en 1925 ?
79%
Dans quel pays se trouve la ville de Nova Friburgo, fondée par des Fribourgeois.es au XVIIIe siècle ? Brésil
79%
Selon la légende que vivrait au fond de la vallée du Gottéron ? Un dragon
78%
Comment se traduirait le mieux le nom de la ville ? Ville libre
78%
Quelle marque de bière est ancrée dans l'identité fribourgeoise et était jusque récemment brassée dans la ville ? Cardinal
76%
Quelle dynastie a fondé Fribourg, quelques années avant de fonder Berne ? Zähringen
67%
Quelle langue est majoritairement parlée à Fribourg ? Français
56%
Quelle infrastructure "record" Fribourg a-t-elle abritée ? Le plus long pont suspendu
44%
Aucun quiz correspondant
Distribution des résultats
% des personnes avec chaque résultat
Percentile par nombre de réponses
Votre historique - résultats
Vous n’avez pas pris ce quiz